[Event "GER MS-153 email"]
[Site "GER email"]
[Date "2012.01.29"]
[Round "?"]
[White "Boos, Markus"]
[Black "Nicklich, Wolfgang"]
[Result "1-0"]
[WhiteElo "1947"]
[BlackElo "2089"]
[PlyCount "41"]
[EventDate "2012.02.06"]
[EventType "tourn (corr)"]
[EventRounds "6"]
[EventCountry "GER"]
[SourceTitle "Corr 2015"]
[Source "ChessBase"]
[SourceDate "2015.07.17"]
[SourceVersion "1"]
[SourceVersionDate "2015.07.17"]
[SourceQuality "1"]
[WhiteTeam "Germany"]
[BlackTeam "Germany"]
[WhiteTeamCountry "GER"]
[BlackTeamCountry "GER"]

1. d4 d5 2. c4 c6 3. Nf3 Nf6 4. e3 Bf5 5. Nc3 e6 6. Nh4 Bg6 7. Be2 Nbd7 8. 0-0 Bd6 9. g3 0-0 10. Nxg6 hxg6 11. Qb3 Rb8 12. Rd1 Qe7 13. Bd2 dxc4 14. Qxc4 e5 15. dxe5 Bxe5 16. Rab1 Rfe8 17. Ne4 Bxb2 18. Ng5 Ba3 19. Bc3 Nd5 20. Qh4 Nf8 21. Bc4 1-0

[Event "GER MS-153 email"]
[Site "GER email"]
[Date "2012.01.29"]
[Round "?"]
[White "Nicklich, Wolfgang"]
[Black "Schunck, Franz"]
[Result "1/2-1/2"]
[WhiteElo "2089"]
[BlackElo "2108"]
[PlyCount "51"]
[EventDate "2012.02.06"]
[EventType "tourn (corr)"]
[EventRounds "6"]
[EventCountry "GER"]
[SourceTitle "Corr 2015"]
[Source "ChessBase"]
[SourceDate "2015.07.17"]
[SourceVersion "1"]
[SourceVersionDate "2015.07.17"]
[SourceQuality "1"]
[WhiteTeam "Germany"]
[BlackTeam "Germany"]
[WhiteTeamCountry "GER"]
[BlackTeamCountry "GER"]

1. e4 e6 2. d4 d5 3. Nd2 c5 4. exd5 exd5 5. Ngf3 Nf6 6. Bb5+ Bd7 7. Bxd7+ Nbxd7 8. 0-0 Be7 9. dxc5 Nxc5 10. Nb3 Nce4 11. Nfd4 0-0 12. Nf5 Re8 13. Nxe7+ Rxe7 14. f3 Nd6 15. Bg5 Nc4 16. Qd4 Qd6 17. Rfe1 Rae8 18. Rxe7 Rxe7 19. Rd1 h6 20. Bxf6 gxf6 21. Qg4+ Kf8 22. Qc8+ Kg7 23. Nd4 Qb6 24. Qg4+ Kf8 25. Qf4 Ne3 26. Rd3 1/2-1/2

[Event "GER MS-153 email"]
[Site "GER email"]
[Date "2012.01.29"]
[Round "?"]
[White "Sirvent, Ricardo"]
[Black "Nicklich, Wolfgang"]
[Result "1-0"]
[WhiteElo "2091"]
[BlackElo "2089"]
[PlyCount "35"]
[EventDate "2012.02.06"]
[EventType "tourn (corr)"]
[EventRounds "6"]
[EventCountry "GER"]
[SourceTitle "Corr 2015"]
[Source "ChessBase"]
[SourceDate "2015.07.17"]
[SourceVersion "1"]
[SourceVersionDate "2015.07.17"]
[SourceQuality "1"]
[WhiteTeam "Germany"]
[BlackTeam "Germany"]
[WhiteTeamCountry "GER"]
[BlackTeamCountry "GER"]

1. e4 e5 2. Nf3 Nc6 3. Bb5 a6 4. Bxc6 dxc6 5. 0-0 Bg4 6. h3 h5 7. d3 Qf6 8. Nbd2 Ne7 9. Re1 Ng6 10. d4 Nf4 11. dxe5 Qg6 12. Nh4 Bxd1 13. Nxg6 Nxg6 14. Rxd1 0-0-0 15. Rf1 Nxe5 16. f4 Nd7 17. Re1 f6 18. Nf3 1-0

[Event "GER rap6 FSM/V02 email"]
[Site "GER email"]
[Date "2011.12.19"]
[Round "?"]
[White "Nicklich, Wolfgang"]
[Black "Opitz, Peter"]
[Result "1/2-1/2"]
[WhiteElo "2062"]
[BlackElo "1959"]
[PlyCount "49"]
[EventDate "2011.12.28"]
[EventType "tourn (corr)"]
[EventRounds "4"]
[EventCountry "GER"]
[SourceTitle "Corr 2015"]
[Source "ChessBase"]
[SourceDate "2015.07.17"]
[SourceVersion "1"]
[SourceVersionDate "2015.07.17"]
[SourceQuality "1"]
[WhiteTeam "Germany"]
[BlackTeam "Germany"]
[WhiteTeamCountry "GER"]
[BlackTeamCountry "GER"]

1. e4 e5 2. Nf3 Nc6 3. Bb5 a6 4. Ba4 Nf6 5. 0-0 b5 6. Bb3 Bb7 7. c3 Nxe4 8. d4 exd4 9. Re1 d5 10. Ng5 Qf6 11. Nd2 Qxf2+ 12. Kh1 0-0-0 13. Ndxe4 dxe4 14. Nxf7 Bd6 15. Bg5 d3 16. Bxd8 Rxd8 17. Qg4+ Kb8 18. Nxd8 Nxd8 19. Rxe4 Qxb2 20. Rd1 h5 21. Qh4 g5 22. Qe1 Bxe4 23. Qxe4 Qxc3 24. Rxd3 Qf6 25. Rd1 1/2-1/2

[Event "GER-ch43 V05 email"]
[Site "GER email"]
[Date "2011.04.10"]
[Round "?"]
[White "Lange, Lutz"]
[Black "Nicklich, Wolfgang"]
[Result "1/2-1/2"]
[WhiteElo "2280"]
[BlackElo "2080"]
[PlyCount "45"]
[EventDate "2011.04.18"]
[EventType "tourn (corr)"]
[EventRounds "10"]
[EventCountry "GER"]
[SourceTitle "Corr 2015"]
[Source "ChessBase"]
[SourceDate "2015.07.17"]
[SourceVersion "1"]
[SourceVersionDate "2015.07.17"]
[SourceQuality "1"]
[WhiteTeam "Germany"]
[BlackTeam "Latvia"]
[WhiteTeamCountry "GER"]
[BlackTeamCountry "LAT"]

1. d4 d5 2. c4 c6 3. Nf3 Nf6 4. Nc3 e6 5. e3 Nbd7 6. Qc2 Bd6 7. Be2 0-0 8. 0-0 dxc4 9. Bxc4 a6 10. Rd1 b5 11. Bd3 Bb7 12. e4 e5 13. dxe5 Nxe5 14. Nxe5 Bxe5 15. Bxb5 Bxh2+ 16. Kf1 Qe7 17. Bc4 Be5 18. f3 Nh5 19. Ne2 Qh4 20. Be3 Qh1+ 21. Kf2 Qh4+ 22. Kf1 Qh1+ 23. Kf2 1/2-1/2

[Event "GER-ch55 final email"]
[Site "GER email"]
[Date "2011.03.??"]
[Round "?"]
[White "Nicklich, Wolfgang"]
[Black "Werner, Juergen"]
[Result "1/2-1/2"]
[WhiteElo "2103"]
[BlackElo "2270"]
[PlyCount "41"]
[EventDate "2011.??.??"]
[EventType "tourn (corr)"]
[EventRounds "10"]
[EventCountry "GER"]
[SourceTitle "Corr 2015"]
[Source "ChessBase"]
[SourceDate "2015.07.17"]
[SourceVersion "1"]
[SourceVersionDate "2015.07.17"]
[SourceQuality "1"]

1. e4 c5 2. c3 Nf6 3. e5 Nd5 4. Nf3 Nc6 5. d4 cxd4 6. cxd4 d6 7. Bc4 Nb6 8. Bb5 dxe5 9. Nxe5 Bd7 10. Nxd7 Qxd7 11. Nc3 e6 12. 0-0 Rd8 13. Be3 Be7 14. Qb3 0-0 15. Rfd1 Qd6 16. a3 Na5 17. Qa2 Nd5 18. Nxd5 Qxd5 19. Qxd5 Rxd5 20. Be2 Bf6 21. Rac1 1/2-1/2

[Event "GER-ch55 final email"]
[Site "GER email"]
[Date "2011.??.??"]
[Round "?"]
[White "Nicklich, Wolfgang"]
[Black "Lelgemann, Ludwig"]
[Result "1/2-1/2"]
[WhiteElo "2103"]
[BlackElo "2099"]
[PlyCount "39"]
[EventDate "2011.??.??"]
[EventType "tourn (corr)"]
[EventRounds "10"]
[EventCountry "GER"]
[SourceTitle "Corr 2015"]
[Source "ChessBase"]
[SourceDate "2015.07.17"]
[SourceVersion "1"]
[SourceVersionDate "2015.07.17"]
[SourceQuality "1"]

1. e4 e5 2. Nf3 Nc6 3. Bb5 a6 4. Ba4 b5 5. Bb3 Bb7 6. 0-0 Nf6 7. d3 Bd6 8. c3 0-0 9. Re1 Re8 10. Bg5 h6 11. Bh4 Na5 12. a4 Nxb3 13. Qxb3 g5 14. Bg3 Nh5 15. Na3 Bc6 16. axb5 axb5 17. c4 Nxg3 18. hxg3 b4 19. Nc2 Bc5 20. Ne3 1/2-1/2

[Event "GER-ch55 final email"]
[Site "GER email"]
[Date "2011.??.??"]
[Round "?"]
[White "Reinecke, Rudolf"]
[Black "Nicklich, Wolfgang"]
[Result "1/2-1/2"]
[WhiteElo "2183"]
[BlackElo "2103"]
[PlyCount "96"]
[EventDate "2011.??.??"]
[EventType "tourn (corr)"]
[EventRounds "10"]
[EventCountry "GER"]
[SourceTitle "Corr 2015"]
[Source "ChessBase"]
[SourceDate "2015.07.17"]
[SourceVersion "1"]
[SourceVersionDate "2015.07.17"]
[SourceQuality "1"]

1. e4 e5 2. Nf3 Nc6 3. Bb5 a6 4. Bxc6 dxc6 5. 0-0 f6 6. d4 Bg4 7. c3 Bd6 8. Be3 Qe7 9. Nbd2 0-0-0 10. h3 exd4 11. cxd4 Be6 12. Rc1 g5 13. Re1 h6 14. d5 cxd5 15. Bd4 dxe4 16. Nxe4 Kb8 17. Nxd6 Qxd6 18. Qc2 Bd5 19. Ne5 b6 20. b4 Ne7 21. Ng4 Nc6 22. Bxf6 h5 23. Bxh8 hxg4 24. Qc3 gxh3 25. Qxh3 g4 26. Qh4 Rg8 27. a3 g3 28. f3 Bxf3 29. Qf6 Qd2 30. Qxf3 Rxh8 31. Qe3 Qd6 32. Rc3 Kb7 33. Rec1 Nd4 34. Rxc7+ Kb8 35. R7c6 Nxc6 36. Qxb6+ Ka8 37. Qxa6+ Kb8 38. Qb6+ Ka8 39. Qxc6+ Qxc6 40. Rxc6 Rd8 41. Kf1 Rf8+ 42. Ke1 Rf2 43. Rc3 Rxg2 44. Kf1 Rf2+ 45. Kg1 Ra2 46. Rxg3 Ka7 47. Rc3 Kb7 48. Kf1 Ka7 1/2-1/2

[Event "GER-ch55 final email"]
[Site "GER email"]
[Date "2011.??.??"]
[Round "?"]
[White "Wassilieff, Hans Dieter"]
[Black "Nicklich, Wolfgang"]
[Result "1/2-1/2"]
[WhiteElo "2008"]
[BlackElo "2103"]
[PlyCount "70"]
[EventDate "2011.??.??"]
[EventType "tourn (corr)"]
[EventRounds "10"]
[EventCountry "GER"]
[SourceTitle "Corr 2015"]
[Source "ChessBase"]
[SourceDate "2015.07.17"]
[SourceVersion "1"]
[SourceVersionDate "2015.07.17"]
[SourceQuality "1"]

1. e4 e5 2. Nf3 Nc6 3. Bb5 a6 4. Ba4 Nf6 5. 0-0 Be7 6. Re1 b5 7. Bb3 0-0 8. c3 d5 9. exd5 Nxd5 10. Nxe5 Nxe5 11. Rxe5 c6 12. d4 Bd6 13. Re1 Qh4 14. g3 Qh3 15. Re4 g5 16. Qf1 Qxf1+ 17. Kxf1 h6 18. Re1 Bh3+ 19. Kg1 Rae8 20. Bd2 Rxe1+ 21. Bxe1 Re8 22. Nd2 Bf5 23. Bxd5 cxd5 24. Nb3 Re2 25. Bd2 a5 26. Re1 Rxe1+ 27. Bxe1 a4 28. Nc5 Bb1 29. a3 Kh7 30. Bd2 Bf5 31. f3 Kg6 32. Kf2 Bh3 33. Nd3 f6 34. Ke2 Bc8 35. Bc1 Be6 1/2-1/2

[Event "GER-ch60 V09 email"]
[Site "GER email"]
[Date "2010.10.26"]
[Round "?"]
[White "Heineccius, August"]
[Black "Nicklich, Wolfgang"]
[Result "0-1"]
[WhiteElo "1358"]
[BlackElo "2094"]
[PlyCount "32"]
[EventDate "2010.11.04"]
[EventType "tourn (corr)"]
[EventRounds "6"]
[EventCountry "GER"]
[SourceTitle "Corr 2015"]
[Source "ChessBase"]
[SourceDate "2015.07.17"]
[SourceVersion "1"]
[SourceVersionDate "2015.07.17"]
[SourceQuality "1"]
[WhiteTeam "Germany"]
[BlackTeam "Latvia"]
[WhiteTeamCountry "GER"]
[BlackTeamCountry "LAT"]

1. e4 e5 2. Nc3 Nf6 3. d3 d5 4. Bg5 d4 5. Nd5 Qd6 6. f3 Nxd5 7. c4 Ne3 8. Bxe3 dxe3 9. Ne2 Qb4+ 10. Nc3 Qxb2 11. Be2 Qxc3+ 12. Kf1 Nc6 13. Rc1 Qa3 14. Ra1 h5 15. g3 Bh3+ 16. Ke1 Qc3+ 0-1

[Event "GER-ch60 V09 email"]
[Site "GER email"]
[Date "2010.10.26"]
[Round "?"]
[White "Kermer, Wolf Dieter"]
[Black "Nicklich, Wolfgang"]
[Result "1/2-1/2"]
[WhiteElo "2123"]
[BlackElo "2094"]
[PlyCount "115"]
[EventDate "2010.11.04"]
[EventType "tourn (corr)"]
[EventRounds "6"]
[EventCountry "GER"]
[SourceTitle "Corr 2015"]
[Source "ChessBase"]
[SourceDate "2015.07.17"]
[SourceVersion "1"]
[SourceVersionDate "2015.07.17"]
[SourceQuality "1"]
[WhiteTeam "Germany"]
[BlackTeam "Latvia"]
[WhiteTeamCountry "GER"]
[BlackTeamCountry "LAT"]

1. e4 e5 2. Nf3 Nc6 3. Bb5 a6 4. Ba4 Nf6 5. 0-0 Be7 6. Re1 b5 7. Bb3 0-0 8. h3 Bb7 9. d3 d6 10. a3 Na5 11. Ba2 c5 12. Nc3 Nc6 13. Nd5 Nxd5 14. Bxd5 Qc7 15. c3 Nb8 16. Bxb7 Qxb7 17. Nh2 Nc6 18. Nf1 f5 19. b4 f4 20. Qb3+ Kh8 21. Nh2 a5 22. Bb2 Rfd8 23. Nf3 Rab8 24. Rab1 Bf6 25. Ba1 Qa7 26. bxc5 a4 27. Qe6 Qxc5 28. Bb2 Rb7 29. Rbd1 Rbb8 30. h4 Na5 31. h5 Qc8 32. Qxc8 Rbxc8 33. Kf1 Rc5 34. Nd2 d5 35. Ke2 h6 36. g3 fxg3 37. fxg3 d4 38. Rc1 Rdc8 39. cxd4 exd4 40. Nf3 Nb3 41. Rxc5 Rxc5 42. Kf2 Be7 43. Bxd4 Rc2+ 44. Re2 Rxe2+ 45. Kxe2 Bxa3 46. Kd1 b4 47. Bb6 Kg8 48. d4 Bc1 49. Bc5 Nxc5 50. dxc5 Be3 51. c6 Bb6 52. Nd4 Kf7 53. Nb5 Ke7 54. e5 Bc5 55. Kc2 Kd8 56. e6 Be7 57. g4 Bf6 58. Kb1 1/2-1/2

[Event "GER-ch60 V09 email"]
[Site "GER email"]
[Date "2010.10.26"]
[Round "?"]
[White "Nicklich, Wolfgang"]
[Black "Kmiecik, Klaus"]
[Result "1/2-1/2"]
[WhiteElo "2094"]
[BlackElo "2020"]
[PlyCount "108"]
[EventDate "2010.11.04"]
[EventType "tourn (corr)"]
[EventRounds "6"]
[EventCountry "GER"]
[SourceTitle "Corr 2015"]
[Source "ChessBase"]
[SourceDate "2015.07.17"]
[SourceVersion "1"]
[SourceVersionDate "2015.07.17"]
[SourceQuality "1"]
[WhiteTeam "Germany"]
[BlackTeam "Latvia"]
[WhiteTeamCountry "GER"]
[BlackTeamCountry "LAT"]

1. b4 e5 2. Bb2 Bxb4 3. Bxe5 Nf6 4. c4 0-0 5. e3 Nc6 6. Bb2 d5 7. cxd5 Nxd5 8. Nf3 Re8 9. Be2 Rxe3 10. fxe3 Nxe3 11. Qa4 Nxg2+ 12. Kd1 Bh3 13. a3 Bc5 14. Kc1 Qd6 15. Bf1 Re8 16. Bxg2 Bxg2 17. Qg4 Qg6 18. Qxg6 hxg6 19. Re1 Be7 20. Re3 Na5 21. Nd4 c5 22. Nb5 Kf8 23. Nxa7 f5 24. Be5 Nc4 25. Rg3 Bf1 26. Bc7 Bh4 27. Rxg6 Kf7 28. Rg1 Re1+ 29. Kc2 g5 30. Nb5 f4 31. N5c3 f3 32. Ne4 f2 33. Nxf2 Bxf2 34. Rxg5 Bh3 35. Ra2 Bd4 36. Nc3 Be6 37. Bg3 Rg1 38. Kd3 Ne5+ 39. Rxe5 Bxa2 40. Nxa2 Rxg3+ 41. hxg3 Bxe5 42. Kc4 Bxg3 43. Kxc5 Ke6 44. a4 Kd7 45. Nc3 Bf2+ 46. Kd5 Bg1 47. d4 Kc7 48. Kc5 Kd7 49. Kc4 Ke7 50. Ne4 Kd8 51. d5 Kc7 52. Kb4 Kd7 53. Kb5 Bd4 54. a5 Ba7 1/2-1/2